Power of speech

Guardado en:
Detalles Bibliográficos
Autor principal: Young, Peter
Formato: Libro
Lenguaje:Undetermined
Publicado: London George Allen 1983
Materias:
Etiquetas: Agregar Etiqueta
Sin Etiquetas, Sea el primero en etiquetar este registro!
Thư viện lưu trữ: Trung tâm Học liệu Trường Đại học Cần Thơ
LEADER 00488nam a2200193Ia 4500
001 CTU_83028
008 210402s9999 xx 000 0 und d
082 |a 384.6 
082 |b Y68 
100 |a Young, Peter 
245 0 |a Power of speech 
245 0 |c Peter Young 
260 |a London 
260 |b George Allen 
260 |c 1983 
650 |a Telecommunication,Telephones 
650 |z Britain 
904 |i QHieu(sửa) 
980 |a Trung tâm Học liệu Trường Đại học Cần Thơ